000
00330nam a2200133Ia 4500
008
151001s9999||||xx |||||||||||||| ||und||
100
_a
साईदास आपटे
245
_a
तृषात
250
_a
1
260
_b
नंदा प्रकाशन
260
_c
1979
300
_a
92
365
_b
18
999
_c
981736
_d
981733